Nghiên cứu một bài tập nhằm nâng cao thế lực chung trong môn cầu lông cho sinh viên chuyên ngành GDTC trường Đại học Vinh /
Đã lưu trong:
| Tác giả chính: | |
|---|---|
| Định dạng: | Bài viết |
| Ngôn ngữ: | Vietnamese |
| Những chủ đề: | |
| Các nhãn: |
Thêm thẻ
Không có thẻ, Là người đầu tiên thẻ bản ghi này!
|
| Thư viện lưu trữ: | Thư viện Trường Đại học Đà Lạt |
|---|
| LEADER | 00880nam a2200265 4500 | ||
|---|---|---|---|
| 001 | DLU130152193 | ||
| 005 | ##20130917 | ||
| 040 | # | # | |a DLU |b vie |
| 041 | # | # | |a vie |
| 044 | # | # | |a vn |
| 100 | # | # | |a Đậu Bắc Sơn, |c ThS. |
| 245 | # | # | |a Nghiên cứu một bài tập nhằm nâng cao thế lực chung trong môn cầu lông cho sinh viên chuyên ngành GDTC trường Đại học Vinh / |c Đậu Bắc Sơn. |
| 653 | # | # | |a Cầu lông |
| 653 | # | # | |a Giáo dục thể chất |
| 653 | # | # | |a Rèn luyện sức khỏe |
| 773 | # | # | |t Tạp chí Dạy và học ngày nay |g Số 4, 2008, tr. 40-41 |
| 920 | # | # | |a Phòng Tạp chí -- Trung tâm Thông tin - Thư viện Trường Đại học Đà Lạt |
| 994 | # | # | |a DLU |
| 900 | # | # | |a True |
| 911 | # | # | |a Nguyễn Thị Linh Chi |
| 925 | # | # | |a G |
| 926 | # | # | |a A |
| 927 | # | # | |a BB |
| 980 | # | # | |a Thư viện Trường Đại học Đà Lạt |